|
|
|
|
| LEADER |
00000cam a22000004a 4500 |
| 001 |
musev2_21074 |
| 003 |
MdBmJHUP |
| 005 |
20230905042241.0 |
| 006 |
m o d |
| 007 |
cr||||||||nn|n |
| 008 |
010228s1995 dcu o 00 0 eng d |
| 020 |
|
|
|a 9780813211930
|
| 020 |
|
|
|z 9780813228297
|
| 020 |
|
|
|z 9780813200934
|
| 035 |
|
|
|a (OCoLC)47009199
|
| 040 |
|
|
|a MdBmJHUP
|c MdBmJHUP
|
| 041 |
1 |
|
|a eng
|h lat
|
| 100 |
0 |
|
|a Leo
|b I,
|c Pope,
|d -461.
|
| 240 |
1 |
0 |
|a Sermons.
|l English
|
| 245 |
1 |
0 |
|a Sermons /
|c St. Leo the Great ; translated by Jane Patricia Freeland, Agnes Josephine Conway.
|
| 264 |
|
1 |
|a Washington, D.C. :
|b Catholic University of America Press,
|c 1995.
|
| 264 |
|
3 |
|a Baltimore, Md. :
|b Project MUSE,
|c 2013
|
| 264 |
|
4 |
|c ©1995.
|
| 300 |
|
|
|a 1 online resource (448 pages).
|
| 336 |
|
|
|a text
|b txt
|2 rdacontent
|
| 337 |
|
|
|a computer
|b c
|2 rdamedia
|
| 338 |
|
|
|a online resource
|b cr
|2 rdacarrier
|
| 490 |
0 |
|
|a The Fathers of the church ;
|v v. 93
|
| 505 |
0 |
|
|a His Elevation to the See of Peter -- Annual Collections -- Days of Fast in December -- Christmas -- Epiphany -- Days of Fast in Lent -- Lenten Sermon on the Transfiguration -- Passion of the Lord -- Ascension -- Pentecost -- Feast of Sts. Peter and Paul -- Commemorating Alaric's Invasion of Rome -- Martyrdom of the Maccabees -- Feast of St. Lawrence -- Days of Fast in September -- On the Beatitudes -- Against Eutyches.
|
| 546 |
|
|
|a English.
|
| 588 |
|
|
|a Description based on print version record.
|
| 610 |
2 |
7 |
|a Catholic Church.
|2 fast
|0 (OCoLC)fst00531720
|
| 610 |
2 |
6 |
|a Église catholique
|v Sermons.
|
| 610 |
2 |
0 |
|a Catholic Church
|v Sermons.
|
| 650 |
|
7 |
|a Sermons, Latin.
|2 fast
|0 (OCoLC)fst01113283
|
| 650 |
|
7 |
|a RELIGION
|x Sermons
|x Christian.
|2 bisacsh
|
| 650 |
|
7 |
|a RELIGION
|x Christian.
|2 bisacsh
|
| 650 |
|
0 |
|a Sermons, Latin
|v Translations into English.
|
| 655 |
|
7 |
|a Translations.
|2 fast
|0 (OCoLC)fst01423791
|
| 655 |
|
7 |
|a Sermons.
|2 fast
|0 (OCoLC)fst01423904
|
| 655 |
|
7 |
|a Electronic books.
|2 local
|
| 700 |
1 |
|
|a Conway, Agnes Josephine,
|d 1921-2002.
|
| 700 |
1 |
|
|a Freeland, Jane Patricia,
|d 1910-2004.
|
| 710 |
2 |
|
|a Project Muse.
|e distributor
|
| 830 |
|
0 |
|a Book collections on Project MUSE.
|
| 856 |
4 |
0 |
|z Texto completo
|u https://projectmuse.uam.elogim.com/book/21074/
|
| 945 |
|
|
|a Project MUSE - Custom Collection
|
| 945 |
|
|
|a Project MUSE - Archive Complete Supplement
|
| 945 |
|
|
|a Project MUSE - Archive Philosophy and Religion Supplement
|